000 00847cam a2200205 a 4500
001 000007150
005 20200929154059.0
008 760727s1960 cu 001 0 spa
040 _aDO-SdBNP
_cMWelC
_dOCoLC
_dNbU
_dDLC
082 _a928.91
_bE18o
100 1 _aEcheverría, José Antonio,
_d1815-1885.
_919847
245 1 0 _aObras escogidas /
_cJosé Antonio Echeverría.
260 _aLa Habana, (Cuba) :
_bDirección General de Cultura ;
_bMinisterio de Educación,
_c1960.
300 _a107 p. ;
_c23 cm.
490 1 _aLos Mejores autores cubanos
505 0 _aAntonelli -- El peregrino -- El aguinaldo -- Manuel Garay -- Las cenizas de Colón -- Historiadores de Cuba -- Morell de Santa Cruz.
650 4 _aEcheverría, josé antonio
_d1815-1855
_919848
830 0 _aLos Mejores autores cubanos.
_919849
910 _aCatalogación por copia / LC
999 _c6931
_d6931